[Event "CSK Merania-SC Ridnaun"]
[Site "?"]
[Date "2013.12.14"]
[Round "5.5"]
[White "Gasteiger, Josef"]
[Black "Mucci, Angelo"]
[Result "0-1"]
[WhiteElo "1400"]
[BlackElo "1515"]
[PlyCount "131"]
[EventDate "2013.??.??"]

1. c4 Nf6 2. Nc3 g6 3. Nf3 Bg7 4. g3 O-O 5. Bg2 d6 6. O-O c5 7. e3 Nc6 8. d4
cxd4 9. exd4 e5 10. d5 Ne7 11. h3 Nd7 12. Ng5 a6 13. Rb1 h6 14. Nge4 Qc7 15. b3
f5 16. Nd2 b5 17. Ne2 bxc4 18. Nxc4 Nb6 19. Ba3 Nxc4 20. bxc4 Rd8 21. Qb3 Bd7
22. Qc2 Rac8 23. Rfe1 Bb5 24. Qd2 Qxc4 25. Rbc1 Qd3 26. Qxd3 Bxd3 27. Rxc8 Nxc8
28. Bb4 Na7 29. Nc3 Nb5 30. Nxb5 Bxb5 31. Rc1 Bf8 32. Rc7 Rd7 33. Rc8 Kf7 34.
Bf1 Rb7 35. Bxb5 Rxb5 36. Rc7+ Kf6 37. a3 a5 38. Rc8 Be7 39. Bd2 Rxd5 40. Bxh6
Rd1+ 41. Kg2 Ra1 42. h4 Kf7 43. Rc7 Ke6 44. Rc8 Rxa3 45. Re8 Kf7 46. Ra8 a4 47.
Ra7 Ke6 48. Bd2 Ra2 49. Bb4 e4 50. Kf1 f4 51. Ra8 e3 52. fxe3 fxg3 53. Rg8 Kf7
54. Rh8 Bf6 55. Rh7+ Ke6 56. Rh6 a3 57. Rxg6 Rf2+ 58. Kg1 a2 59. Bc3 Kf7 60.
Rxf6+ Rxf6 61. Kg2 Kg6 62. Kxg3 Rf1 63. Kg4 a1=Q 64. Bxa1 Rxa1 65. Kf4 Ra5 66.
Ke4 0-1

[Event "Groeden II- SC Algund"]
[Site "?"]
[Date "2013.12.14"]
[Round "5.1"]
[White "Hirber, Andreas"]
[Black "Grossi, Christian"]
[Result "1-0"]
[WhiteElo "1530"]
[BlackElo "1757"]
[PlyCount "103"]
[EventDate "2013.??.??"]

1. e4 g6 2. d4 Bg7 3. Nf3 d6 4. h3 Nf6 5. Bd3 O-O 6. Be3 c5 7. c3 b5 8. dxc5
dxc5 9. Bxc5 Bb7 10. O-O Qc7 11. Bd4 Nxe4 12. Bxg7 Kxg7 13. Bxe4 Bxe4 14. Qd4+
e5 15. Qxe4 Nc6 16. Nbd2 f5 17. Qe2 a6 18. Nb3 Rfe8 19. Rad1 e4 20. Nfd4 Ne5
21. f3 exf3 22. Nxf3 Nc4 23. Qd3 Ne3 24. Qd6 Qxd6 25. Rxd6 Kh6 26. Re1 f4 27.
Rd4 Rf8 28. Re4 Rac8 29. Kf2 Rf6 30. Nh2 Kh5 31. Kf3 Nc4 32. R1e2 g5 33. Ng4
Rb6 34. Re6 Rcc6 35. Rxc6 Rxc6 36. Ne5 Nxe5+ 37. Rxe5 b4 38. cxb4 Rc4 39. a3
Rc2 40. Re2 Rc7 41. Nc5 a5 42. Na6 Rc1 43. bxa5 Kh4 44. Nb4 h5 45. Kf2 g4 46.
hxg4 hxg4 47. a6 Kg5 48. Re1 g3+ 49. Kf1 Rc7 50. Re5+ Kg4 51. Nd3 Rd7 52. Ne1
1-0

[Event "Groeden II- SC Algund"]
[Site "?"]
[Date "2013.12.16"]
[Round "5.2"]
[White "Goller, Bruno"]
[Black "Hirber, Josef"]
[Result "1-0"]
[WhiteElo "1592"]
[BlackElo "1225"]
[PlyCount "99"]
[EventDate "2013.??.??"]

1. c4 e5 2. Nc3 c6 3. Nf3 Qc7 4. g3 Bb4 5. Qb3 Bxc3 6. Qxc3 d6 7. Bg2 Ne7 8.
O-O Be6 9. e4 h6 10. d4 Nd7 11. b3 c5 12. dxe5 Nxe5 13. Nxe5 dxe5 14. Bb2 Nc6
15. f4 Nd4 16. Rae1 Bg4 17. fxe5 Ne2+ 18. Rxe2 Bxe2 19. Rf4 O-O-O 20. Qe3 Rd1+
21. Kf2 Bd3 22. Ba3 b6 23. Bb2 Rd8 24. Bh3+ Kb8 25. e6 f6 26. e5 Bg6 27. exf6
R8d2+ 28. Kf3 Qc6+ 29. Kg4 gxf6 30. Rxf6 Rxb2 31. Qe5+ Rd6 32. Rxg6 Rbd2 33. e7
R2d4+ 34. Kh5 Re4 35. Qxd6+ Qxd6 36. Rxd6 Rxe7 37. Rd2 Re1 38. Kxh6 Kc7 39. Bf5
Rf1 40. g4 Kb7 41. h4 Ka6 42. h5 Ka5 43. Kg7 Kb4 44. h6 Ka3 45. h7 Rxf5 46.
gxf5 a5 47. h8=Q b5 48. cxb5 c4 49. bxc4 a4 50. Qf8# 1-0

[Event "Groeden II- SC Algund"]
[Site "?"]
[Date "2013.12.14"]
[Round "5.3"]
[White "Eller, Gerd"]
[Black "Grossrubatscher, Johann"]
[Result "0-1"]
[WhiteElo "1200"]
[BlackElo "1541"]
[PlyCount "59"]
[EventDate "2013.??.??"]

1. e4 d5 2. e5 c5 3. d4 cxd4 4. Qxd4 Nc6 5. Bb5 Bf5 6. Qc3 Rc8 7. Be3 a6 8. Bd3
d4 9. Bxd4 Nxd4 10. Qxd4 Qxd4 11. Bxf5 Qxe5+ 12. Ne2 Qxf5 13. Nbc3 e6 14. Nd4
Qe5+ 15. Nde2 Bb4 16. O-O Nf6 17. Rab1 O-O 18. a3 Bd6 19. g3 Qh5 20. Rbd1 Bb8
21. Rd3 Qh3 22. Rd4 Ng4 23. Rxg4 Qxg4 24. f3 Qh3 25. Nf4 Ba7+ 26. Rf2 Bxf2+ 27.
Kxf2 Qxh2+ 28. Ke3 Rfd8 29. g4 Qd2+ 30. Ke4 0-1

[Event "Groeden-SK Klausen"]
[Site "?"]
[Date "2013.12.14"]
[Round "5.1"]
[White "Schacher, Gerd"]
[Black "Moroder, Stephan"]
[Result "1/2-1/2"]
[WhiteElo "2334"]
[BlackElo "2139"]
[PlyCount "43"]
[EventDate "2013.??.??"]

1. c4 b6 2. Nf3 Bb7 3. g3 Bxf3 4. exf3 c5 5. d4 cxd4 6. Qxd4 Nc6 7. Qf4 e5 8.
Qd2 Nd4 9. Bg2 Rc8 10. O-O Rxc4 11. Nc3 d6 12. f4 Nf6 13. Qd3 Qc7 14. Re1 Be7
15. fxe5 dxe5 16. Rxe5 Rxc3 17. Rxe7+ Qxe7 18. bxc3 Ne2+ 19. Kf1 Nxc1 20. Bc6+
Kf8 21. Rxc1 g6 22. Re1 1/2-1/2

[Event "Groeden-SK Klausen"]
[Site "?"]
[Date "2013.12.14"]
[Round "5.2"]
[White "Bernardi, Ruben"]
[Black "Seebacher, Reinhard"]
[Result "1-0"]
[WhiteElo "2090"]
[BlackElo "1864"]
[PlyCount "49"]
[EventDate "2013.??.??"]

1. e4 e5 2. Nf3 Nc6 3. Bc4 Bc5 4. c3 Nf6 5. d4 exd4 6. e5 Ng8 7. cxd4 Bb4+ 8.
Bd2 Bxd2+ 9. Nbxd2 d5 10. exd6 Qxd6 11. O-O Nf6 12. Re1+ Ne7 13. Qe2 Bg4 14. h3
Bxf3 15. Nxf3 Kf8 16. Ne5 Ned5 17. Qf3 c6 18. Rac1 Rd8 19. Qb3 Qb8 20. Bxd5
Nxd5 21. Rxc6 f6 22. Rc5 fxe5 23. Rxd5 Rxd5 24. Qxd5 exd4 25. Qf5+ 1-0

[Event "Groeden-SK Klausen"]
[Site "?"]
[Date "2013.12.14"]
[Round "5.3"]
[White "Schrott, Johann"]
[Black "Oberrauch, Martin"]
[Result "1-0"]
[WhiteElo "1792"]
[BlackElo "2043"]
[PlyCount "113"]
[EventDate "2013.??.??"]

1. e4 Nf6 2. e5 Nd5 3. d4 d6 4. Nf3 Nc6 5. Be2 Bg4 6. exd6 cxd6 7. O-O g6 8. c3
Nb6 9. Bf4 Bg7 10. h3 Bxf3 11. Bxf3 O-O 12. Nd2 d5 13. Re1 e6 14. Nf1 Nc4 15.
Qc1 b5 16. Ne3 Nxe3 17. Bxe3 b4 18. Qd2 bxc3 19. bxc3 Qa5 20. Rab1 Ne7 21. Rb7
Nf5 22. Bf4 Qa6 23. Reb1 Nd6 24. R7b3 Nc4 25. Qe2 Qc6 26. Qd3 Nb6 27. h4 Rfc8
28. h5 Qa4 29. hxg6 hxg6 30. Qe2 Rc4 31. Qd2 Rcc8 32. g3 Nc4 33. Qe2 Qc6 34.
Kg2 a5 35. Rh1 a4 36. Rb4 Nd6 37. Bd2 Rab8 38. Rxb8 Rxb8 39. Bf4 a3 40. Be5 f6
41. Bxf6 Nc4 42. Bxg7 Rb2 43. Qe1 Kxg7 44. Qc1 Nd2 45. Qe1 Nc4 46. Bg4 e5 47.
dxe5 Nd2 48. Kh3 Ne4 49. Rf1 Rxa2 50. e6 Kf6 51. Qe3 Ng5+ 52. Kh2 Nxe6 53. Re1
Qd6 54. Bxe6 Kg7 55. Qd4+ Kh7 56. Bxd5 Rb2 57. Bg8+ 1-0

[Event "Groeden-SK Klausen"]
[Site "?"]
[Date "2013.12.14"]
[Round "5.4"]
[White "Moroder, Thomas"]
[Black "Schrott, Ernst"]
[Result "1/2-1/2"]
[WhiteElo "1912"]
[BlackElo "1857"]
[PlyCount "119"]
[EventDate "2013.??.??"]

1. e4 c5 2. Nf3 e6 3. c4 d5 4. cxd5 exd5 5. exd5 Nf6 6. Bb5+ Bd7 7. Qe2+ Qe7 8.
Bxd7+ Nbxd7 9. Nc3 Qxe2+ 10. Kxe2 Be7 11. Re1 O-O 12. Kf1 Rfe8 13. b3 Nb6 14.
d6 Bxd6 15. Ba3 Bf8 16. Rec1 Rac8 17. Bb2 Red8 18. Nb5 Ne4 19. Nxa7 Ra8 20. Nb5
Nxd2+ 21. Ke2 Nxf3 22. Kxf3 Rd2 23. Bc3 Rdxa2 24. Rxa2 Rxa2 25. Rd1 Ra8 26. Be5
f6 27. Bc7 Ra6 28. Rd8 Kf7 29. Rb8 Nd5 30. Rxb7 Nxc7 31. Nxc7 Rc6 32. Ke4 Kg6
33. Kd5 Rd6+ 34. Kxc5 Rd2+ 35. Kc6 Rxf2 36. Ne6 Rc2+ 37. Kd5 Rd2+ 38. Kc4 Ba3
39. Rxg7+ Kh6 40. Rg3 Bd6 41. Rg4 f5 42. Rd4 Rxd4+ 43. Nxd4 Bxh2 44. b4 Kg6 45.
b5 h5 46. b6 Kf6 47. Kd5 Bg3 48. b7 Bb8 49. Nc6 Bc7 50. Nd4 f4 51. Ke4 Bb8 52.
Nc6 Bc7 53. b8=Q Bxb8 54. Nxb8 Kg5 55. Kf3 h4 56. Nd7 h3 57. gxh3 Kh4 58. Kg2
f3+ 59. Kh2 f2 60. Kg2 1/2-1/2

[Event "Groeden-SK Klausen"]
[Site "?"]
[Date "2013.12.14"]
[Round "5.5"]
[White "Seebacher, Michael"]
[Black "Prinoth, Franz"]
[Result "1-0"]
[WhiteElo "1472"]
[BlackElo "1751"]
[PlyCount "117"]
[EventDate "2013.??.??"]

1. e4 e5 2. Nf3 Nc6 3. Bb5 a6 4. Ba4 Nf6 5. O-O b5 6. Bb3 Be7 7. Re1 O-O 8. c3
d6 9. h3 Na5 10. Bc2 c5 11. d4 cxd4 12. cxd4 Qc7 13. Nbd2 Bd7 14. Nf1 Rac8 15.
Bd3 Nc6 16. Be3 exd4 17. Nxd4 Ne5 18. Rc1 Qb7 19. Rxc8 Rxc8 20. Ng3 Nxd3 21.
Qxd3 d5 22. exd5 Qxd5 23. Qb1 g6 24. Rd1 Qb7 25. Bg5 Kg7 26. Qd3 h6 27. Bxh6+
Kxh6 28. Qe3+ Kg7 29. Qxe7 Re8 30. Qc5 Ne4 31. Nxe4 Qxe4 32. Nf3 Rc8 33. Qd4+
Qxd4 34. Rxd4 Bf5 35. a3 Rc1+ 36. Kh2 Rc2 37. Rd2 Rxd2 38. Nxd2 a5 39. Kg3 g5
40. Kf3 Bd7 41. Ke3 Kg6 42. Kd4 b4 43. axb4 axb4 44. Kc4 f5 45. Kxb4 Bc6 46. f3
g4 47. Kc5 Ba8 48. Kd6 Kg5 49. hxg4 fxg4 50. Ke5 Bb7 51. Ne4+ Kh4 52. Kf4 gxf3
53. gxf3 Kh5 54. Kf5 Bc8+ 55. Ke5 Kg6 56. b4 Bd7 57. Nd6 Bc6 58. f4 Kg7 59. b5
1-0

[Event "Groeden-SK Klausen"]
[Site "?"]
[Date "2013.12.14"]
[Round "5.6"]
[White "Dejori, David"]
[Black "Sigmund, Ingenuin"]
[Result "0-1"]
[WhiteElo "1432"]
[BlackElo "1717"]
[PlyCount "68"]
[EventDate "2013.??.??"]

1. e4 e6 2. d4 d5 3. Nc3 Bb4 4. Bd2 Ne7 5. exd5 exd5 6. Nge2 Bg4 7. Bg5 O-O 8.
Qd2 c6 9. O-O-O a5 10. f3 Bf5 11. g4 Bg6 12. h4 f6 13. Bf4 b5 14. Bg2 Nd7 15.
h5 Bf7 16. g5 fxg5 17. Bxg5 Qc7 18. h6 g6 19. Bh3 Nb6 20. b3 a4 21. Nf4 axb3
22. axb3 Qa7 23. Qd3 Rfe8 24. Rhg1 Bd6 25. Nh5 b4 26. Nf6+ Kh8 27. Ne2 c5 28.
Nxe8 Rxe8 29. dxc5 Bxc5 30. Nd4 Qa1+ 31. Kd2 Qxd4 32. Qxd4+ Bxd4 33. Rg4 Bc3+
34. Kc1 Ra8 0-1

[Event "SC Lana-J. Richter/Lask BZ II"]
[Site "?"]
[Date "2013.12.14"]
[Round "5.4"]
[White "Menghin, Karl"]
[Black "Anrather, Eva"]
[Result "1-0"]
[WhiteElo "1459"]
[BlackElo "1375"]
[PlyCount "94"]
[EventDate "2013.??.??"]

1. c4 e5 2. Nc3 Nf6 3. g3 Bc5 4. e3 O-O 5. Bg2 Nc6 6. Nf3 d5 7. cxd5 Nxd5 8.
Na4 Be7 9. O-O Bg4 10. Qb3 Na5 11. Qb5 c6 12. Qd3 f6 13. a3 b5 14. Nc3 Nxc3 15.
Qxc3 Rc8 16. b4 Nc4 17. Qb3 Kh8 18. d3 Nb6 19. Rd1 Qc7 20. Bb2 Na4 21. Rac1
Nxb2 22. Qxb2 a5 23. h3 Be6 24. Ne1 axb4 25. Rxc6 Qd7 26. Rdc1 Rxc6 27. Bxc6
Qd6 28. axb4 Bxh3 29. Bxb5 Qxb4 30. Qxb4 Bxb4 31. Bc4 Rd8 32. f3 Bf5 33. e4 Bc8
34. Nc2 Ba5 35. Ra1 Bb6+ 36. Kf1 f5 37. Bd5 fxe4 38. Bxe4 g6 39. Rb1 Bh3+ 40.
Ke2 Ba5 41. g4 h5 42. Rh1 Rc8 43. Ne3 hxg4 44. fxg4 Kg7 45. Rxh3 Rb8 46. Nc4
Bc3 47. Rh1 Ra8 1-0

[Event "SC Naturns Jambo II-Brixen/Milland"]
[Site "?"]
[Date "2013.12.14"]
[Round "5.1"]
[White "Sader, Michael"]
[Black "Gurschler, Gregor"]
[Result "1-0"]
[WhiteElo "2179"]
[BlackElo "1820"]
[PlyCount "77"]
[EventDate "2013.??.??"]

1. Nf3 d6 2. d4 g6 3. e4 Nf6 4. Bd3 Bg7 5. Qe2 Bg4 6. Nbd2 Nc6 7. c3 e5 8. d5
Ne7 9. h3 Bd7 10. Bb5 a6 11. Bxd7+ Nxd7 12. g4 c6 13. dxc6 bxc6 14. Nc4 Qc7 15.
Bg5 f6 16. Be3 d5 17. Ncd2 O-O 18. h4 Qb7 19. b3 Qb5 20. c4 Qa5 21. cxd5 cxd5
22. exd5 Nxd5 23. O-O Nxe3 24. fxe3 Qb5 25. Nc4 Nb6 26. Nfd2 Nd5 27. Rac1 Bh6
28. Qf3 Qc5 29. Rfe1 Nf4 30. Ne4 Qa7 31. Rcd1 Bg7 32. Kh2 Ne6 33. Ng3 Rad8 34.
Qc6 Nc5 35. Nd6 Ne6 36. Nb7 Rde8 37. Rd7 Rf7 38. Rxf7 Kxf7 39. Nd6+ 1-0

[Event "SC Naturns Jambo II-Brixen/Milland"]
[Site "?"]
[Date "2013.12.14"]
[Round "5.2"]
[White "Gurschler, Thomas"]
[Black "Brenninger, Daniel"]
[Result "0-1"]
[WhiteElo "1806"]
[BlackElo "2072"]
[PlyCount "88"]
[EventDate "2013.??.??"]

1. d4 e6 2. Bf4 Nf6 3. e3 c5 4. Nf3 Nc6 5. c3 d5 6. Be2 Bd6 7. Bg3 O-O 8. Nbd2
Re8 9. Ne5 Bxe5 10. dxe5 Nd7 11. f4 f6 12. Nf3 fxe5 13. fxe5 Nf8 14. Bd3 c4 15.
Bc2 Qb6 16. Qc1 Bd7 17. O-O Re7 18. Kh1 Be8 19. h4 Bg6 20. Bxg6 Nxg6 21. h5 Nf8
22. Nd4 Nd7 23. Bh4 Ree8 24. h6 Ncxe5 25. hxg7 Ng6 26. Bg5 Kxg7 27. e4 dxe4 28.
Bh6+ Kg8 29. Qe1 Qc5 30. Qg3 Qe5 31. Qxe5 Ngxe5 32. Nb5 Ng4 33. Bf4 e5 34. Bg3
Rf8 35. Nd6 Nc5 36. Nxc4 Nd3 37. Nd2 e3 38. Nf3 e2 39. Rg1 Rf5 40. Rgb1 Ne3 41.
a4 Nc2 42. Ra2 e4 43. b4 exf3 44. Rxc2 f2 0-1

[Event "SC Naturns Jambo II-Brixen/Milland"]
[Site "?"]
[Date "2013.12.14"]
[Round "5.3"]
[White "Kofler, Thomas"]
[Black "Pichler, Christoph"]
[Result "0-1"]
[WhiteElo "1940"]
[BlackElo "1836"]
[PlyCount "114"]
[EventDate "2013.??.??"]

1. c4 e5 2. g3 g6 3. Bg2 Bg7 4. e4 Ne7 5. Nc3 O-O 6. h4 h6 7. d3 d6 8. Be3 Nbc6
9. Qd2 Kh7 10. Nh3 Be6 11. h5 g5 12. f4 exf4 13. gxf4 f6 14. fxg5 hxg5 15. h6
Bh8 16. Bxg5 Bxh3 17. Bxh3 fxg5 18. Qxg5 Ng6 19. Qxd8 Raxd8 20. Ne2 Nd4 21.
Nxd4 Bxd4 22. Rh2 Ne5 23. O-O-O Rf3 24. Bf5+ Kh8 25. Kc2 Rg8 26. Rdd2 Rxf5 27.
exf5 Nf3 28. Rhe2 Nxd2 29. Kxd2 Rf8 30. Re7 Bb6 31. b4 Rxf5 32. a4 a5 33. b5
Re5 34. Rf7 Re8 35. Kc3 Rb8 36. Rd7 Rg8 37. Re7 Rg5 38. Rf7 Rg6 39. Rf8+ Kh7
40. Rb8 Kxh6 41. Rxb7 Rg8 42. d4 Rg7 43. Kd3 Kg5 44. Ke4 Kf6 45. Kd5 Rg4 46. c5
dxc5 47. dxc5 Rg5+ 48. Kc4 Rxc5+ 49. Kb3 Re5 50. Rb8 Re3+ 51. Kb2 Ke5 52. Rg8
Kd4 53. Rg4+ Re4 54. Rg5 Kc4 55. Ka3 Bc5+ 56. Kb2 Re2+ 57. Kc1 Be3+ 0-1

[Event "SC Naturns Jambo II-Brixen/Milland"]
[Site "?"]
[Date "2013.12.14"]
[Round "5.4"]
[White "Gurschler, Markus"]
[Black "Kofler, Oswald"]
[Result "0-1"]
[WhiteElo "1575"]
[BlackElo "1828"]
[PlyCount "162"]
[EventDate "2013.??.??"]

1. d4 d6 2. Bf4 Nd7 3. Nf3 c6 4. c3 Qc7 5. e3 Ngf6 6. h3 h6 7. Bc4 g5 8. Bh2 b5
9. Be2 Bg7 10. Nbd2 Nf8 11. Qc2 Bb7 12. Ne4 a6 13. Nxf6+ Bxf6 14. O-O c5 15.
Rac1 Rc8 16. a4 Bxf3 17. Bxf3 cxd4 18. exd4 Ng6 19. axb5 axb5 20. Qd3 O-O 21.
Bd5 Kg7 22. Ra1 e6 23. Bb3 Qb6 24. Rfd1 Ra8 25. d5 e5 26. Qe4 Qc5 27. g3 Rfc8
28. Kg2 Bd8 29. Bg1 Qc7 30. f3 Qd7 31. Bc2 Qb7 32. Qb4 Rxa1 33. Rxa1 Qxd5 34.
Rd1 Qc4 35. Qxc4 bxc4 36. Rxd6 Rb8 37. Be4 Rxb2+ 38. Bf2 Ba5 39. Kf1 Bxc3 40.
Bd5 Rd2 41. Rd7 Nh8 42. Be3 Rd3 43. Ke2 Bd4 44. Bxd4 Rxd4 45. Bc6 Kf6 46. Ke3
Rxd7 47. Bxd7 Ng6 48. Bb5 c3 49. Kd3 h5 50. Kxc3 h4 51. gxh4 Nxh4 52. Bc6 Kf5
53. Kd3 Kf4 54. Ke2 Kg3 55. Bd5 f5 56. Bc6 Kxh3 57. Kf2 Ng6 58. Bd7 Ne7 59. Be6
g4 60. fxg4 Kxg4 61. Ke3 Nc6 62. Bd5 Nd4 63. Bb7 Kg3 64. Bc8 Kg4 65. Bb7 Kg5
66. Bc8 Kf6 67. Bb7 f4+ 68. Ke4 Ne6 69. Kf3 Nc5 70. Bc6 Kg5 71. Bd5 e4+ 72. Ke2
Kf5 73. Bc6 Ke5 74. Be8 Ne6 75. Bd7 Nd4+ 76. Kd2 f3 77. Ba4 Kf4 78. Ke1 Ke3 79.
Bd1 Nf5 80. Bc2 f2+ 81. Kf1 Ng3+ 0-1

[Event "SC Naturns Jambo II-Brixen/Milland"]
[Site "?"]
[Date "2013.12.14"]
[Round "5.5"]
[White "Wisthaler, Lukas"]
[Black "Naegele, Raimund"]
[Result "1-0"]
[WhiteElo "1816"]
[BlackElo "1665"]
[PlyCount "43"]
[EventDate "2013.??.??"]

1. e4 c6 2. d4 d5 3. Nc3 dxe4 4. Nxe4 Bf5 5. Ng3 Bg6 6. Nf3 Nd7 7. Bd3 Bxd3 8.
Qxd3 e6 9. O-O Qc7 10. c4 Be7 11. d5 cxd5 12. cxd5 exd5 13. Re1 Nc5 14. Qb5+
Qc6 15. Qe2 Ne6 16. Ne5 Qa6 17. Qf3 Nf6 18. Nf5 Bb4 19. Rd1 O-O 20. Ng4 Nxg4
21. Qxg4 Rfd8 22. Qxb4 1-0

[Event "SC Naturns Jambo II-Brixen/Milland"]
[Site "?"]
[Date "2013.12.14"]
[Round "5.6"]
[White "Zoeschg, Herbert"]
[Black "Hellweger, Stefan"]
[Result "1/2-1/2"]
[WhiteElo "1490"]
[BlackElo "1672"]
[PlyCount "95"]
[EventDate "2013.??.??"]

1. d4 Nf6 2. Nf3 d6 3. Bf4 g6 4. h3 Bg7 5. e3 O-O 6. Nbd2 Nbd7 7. c3 b6 8. Be2
Bb7 9. O-O Rc8 10. Rc1 Re8 11. Re1 e5 12. dxe5 Nxe5 13. Nxe5 dxe5 14. Bh2 Qe7
15. Qc2 Rcd8 16. Rcd1 Nd5 17. Bc4 c6 18. Nf3 Kh8 19. Bg3 f6 20. h4 Bc8 21. Be2
c5 22. Nh2 f5 23. e4 Nf4 24. Bb5 Rf8 25. Rxd8 Qxd8 26. Bxf4 exf4 27. Nf3 Bb7
28. Ng5 Bxe4 29. Nxe4 fxe4 30. Qxe4 Qxh4 31. Re3 Qg5 32. Rf3 Qf6 33. Bd3 Qd6
34. Rh3 Rf6 35. Qa8+ Rf8 36. Qe4 Rf6 37. Qe8+ Bf8 38. Qe4 Qe7 39. Rf3 Qxe4 40.
Bxe4 Bd6 41. Rd3 Kg7 42. Rd5 Kf7 43. Kf1 Ke7 44. Ke2 h6 45. f3 Re6 46. Rd1 g5
47. Rd5 Be5 48. Rd1 1/2-1/2

[Event "SC SSV Bruneck-SC Naturns Jambo III"]
[Site "?"]
[Date "2013.12.14"]
[Round "5.1"]
[White "Nischler, Herman"]
[Black "Moling, Patrick"]
[Result "0-1"]
[WhiteElo "1438"]
[BlackElo "2085"]
[PlyCount "76"]
[EventDate "2013.??.??"]

1. d4 Nf6 2. Nf3 e6 3. Bf4 c5 4. h3 Qb6 5. Bc1 Nc6 6. e3 Be7 7. Bd3 cxd4 8. e4
d6 9. O-O Bd7 10. Nbd2 Qc7 11. Re1 O-O 12. a3 e5 13. Nf1 d5 14. exd5 Nxd5 15.
N1d2 Nf4 16. Be4 Bf6 17. Nh2 g6 18. Ng4 Bg7 19. Nh2 f5 20. Bd3 Nxd3 21. cxd3
Rae8 22. b4 Be6 23. Bb2 a6 24. Rc1 Bd5 25. a4 Qb6 26. Ba3 Rf7 27. Rc5 Qd8 28.
Qc2 Bf8 29. b5 Bxc5 30. Qxc5 b6 31. Qd6 Rd7 32. Qxd7 Qxd7 33. bxc6 Qxc6 34.
Nhf3 e4 35. Rc1 Qxc1+ 36. Bxc1 exf3 37. Bb2 Re1+ 38. Kh2 fxg2 0-1

[Event "SC SSV Bruneck-SC Naturns Jambo III"]
[Site "?"]
[Date "2013.12.14"]
[Round "5.2"]
[White "Glueck, Alexander"]
[Black "Christanell, Anton"]
[Result "1-0"]
[WhiteElo "1968"]
[BlackElo "1587"]
[PlyCount "53"]
[EventDate "2013.??.??"]

1. d4 g6 2. c4 d6 3. Nc3 Bg7 4. e4 Nf6 5. Be2 O-O 6. Nf3 a6 7. O-O b6 8. h3 Bb7
9. d5 c6 10. Be3 cxd5 11. exd5 Nbd7 12. Rc1 Rc8 13. Re1 Nc5 14. b4 Nce4 15.
Nxe4 Nxe4 16. Bd4 Nf6 17. a4 Nd7 18. Qd2 a5 19. Bxg7 Kxg7 20. Nd4 Ne5 21. f4
Nd7 22. Bg4 Ra8 23. f5 Nf6 24. fxg6 hxg6 25. Qg5 Nxg4 26. Rxe7 Nh6 27. Ne6+ 1-0

[Event "SC SSV Bruneck-SC Naturns Jambo III"]
[Site "?"]
[Date "2013.12.14"]
[Round "5.3"]
[White "Amort, Thomas"]
[Black "Balzarini, Franco"]
[Result "1/2-1/2"]
[WhiteElo "1252"]
[BlackElo "1756"]
[PlyCount "54"]
[EventDate "2013.??.??"]

1. e4 c5 2. Nf3 Nc6 3. Bc4 e6 4. Nc3 a6 5. O-O b5 6. Be2 Nd4 7. d3 Ne7 8. Be3
Nec6 9. Qd2 Be7 10. Nd1 O-O 11. c3 Nxe2+ 12. Qxe2 d5 13. exd5 exd5 14. d4 c4
15. h3 Bd6 16. Re1 Re8 17. Qd2 Qc7 18. Bf4 Bf5 19. Bxd6 Qxd6 20. Ne3 Bd3 21.
Ng4 f6 22. Rxe8+ Rxe8 23. Re1 Rxe1+ 24. Nxe1 Be4 25. Qe2 Kf7 26. Ne3 b4 27.
Nxc4 Qc7 1/2-1/2

[Event "SC SSV Bruneck-SC Naturns Jambo III"]
[Site "?"]
[Date "2013.12.14"]
[Round "5.4"]
[White "Lang, Guenther"]
[Black "Tappeiner, Manfred"]
[Result "1-0"]
[WhiteElo "1669"]
[BlackElo "1283"]
[PlyCount "75"]
[EventDate "2013.??.??"]

1. f4 d5 2. Nf3 f6 3. e3 Bf5 4. b3 a6 5. Bb2 Nc6 6. a3 Qd6 7. d4 O-O-O 8. c4
dxc4 9. bxc4 e5 10. fxe5 Nxe5 11. Be2 Nxf3+ 12. Bxf3 Re8 13. O-O Rxe3 14. Bxb7+
Kb8 15. Rxf5 Kxb7 16. Nd2 Nh6 17. Rf3 Ng4 18. Nf1 Re4 19. Bc3 Qc6 20. h3 h5 21.
Rb1+ Kc8 22. Qb3 Kd7 23. hxg4 hxg4 24. Re3 Rxe3 25. Nxe3 g3 26. Be1 Bd6 27. Nf1
Be5 28. dxe5 Qc5+ 29. Qe3 Qxe3+ 30. Nxe3 fxe5 31. Bxg3 e4 32. Rb7 Kc6 33. Rxc7+
Kb6 34. Nd5+ Ka5 35. Nc3 Rb8 36. Rc6 Rb3 37. Bc7+ Rb6 38. Bxb6# 1-0

[Event "SC SSV Bruneck-SC Naturns Jambo III"]
[Site "?"]
[Date "2013.12.14"]
[Round "5.5"]
[White "Fliri, Patrick"]
[Black "Moling, Bernd"]
[Result "0-1"]
[WhiteElo "1210"]
[BlackElo "1248"]
[PlyCount "90"]
[EventDate "2013.??.??"]

1. d4 c6 2. c4 d5 3. Nc3 Nf6 4. Bf4 Bf5 5. e3 Nbd7 6. Qb3 Qb6 7. Qxb6 Nxb6 8.
b3 dxc4 9. bxc4 g6 10. Nf3 Bg7 11. c5 Nbd5 12. Nxd5 Nxd5 13. Bc4 Nxf4 14. exf4
Be4 15. Ne5 Bxe5 16. fxe5 Bxg2 17. Rg1 Bd5 18. Bxd5 cxd5 19. Rb1 O-O 20. Rxb7
Rab8 21. c6 Rxb7 22. cxb7 Rb8 23. Rg3 Rxb7 24. Rb3 Rxb3 25. axb3 f6 26. f4 Kf7
27. Kf2 Ke6 28. Kf3 Kf5 29. h3 h6 30. Ke3 g5 31. fxg5 hxg5 32. exf6 exf6 33.
Kf3 a6 34. b4 Kg6 35. Kg4 f5+ 36. Kg3 Kh5 37. Kf3 Kh4 38. Kg2 f4 39. Kh2 f3 40.
Kg1 Kxh3 41. Kh1 g4 42. Kg1 g3 43. Kh1 g2+ 44. Kg1 f2+ 45. Kxf2 Kh2 0-1

[Event "SC Taufers-SC Naturns Jambo"]
[Site "?"]
[Date "2013.12.14"]
[Round "5.1"]
[White "Mukic, Josko"]
[Black "Forer, Erich"]
[Result "1-0"]
[WhiteElo "2265"]
[BlackElo "1838"]
[PlyCount "53"]
[EventDate "2013.??.??"]

1. e4 d6 2. d4 Nf6 3. Nc3 e5 4. Nf3 exd4 5. Nxd4 Be7 6. Bf4 O-O 7. Qd2 Re8 8.
O-O-O Bf8 9. f3 Nbd7 10. g4 Nc5 11. h4 Ne6 12. Be3 Nxd4 13. Bxd4 Be6 14. h5 Nd7
15. Be2 h6 16. f4 f6 17. Rdg1 Be7 18. Be3 Bf8 19. g5 fxg5 20. fxg5 Kh7 21. gxh6
gxh6 22. e5 Nxe5 23. Bd3+ Kh8 24. Bxh6 Nf3 25. Bxf8 Nxd2 26. Bg7+ Kg8 27. Bf6+
1-0

[Event "SC Taufers-SC Naturns Jambo"]
[Site "?"]
[Date "2013.12.14"]
[Round "5.2"]
[White "Holzer, Phillipp"]
[Black "Teutsch, Alexander"]
[Result "0-1"]
[WhiteElo "1831"]
[BlackElo "1957"]
[PlyCount "80"]
[EventDate "2013.??.??"]

1. Nc3 g6 2. e4 Bg7 3. d4 d6 4. f4 a6 5. Nf3 b5 6. Bd3 Nd7 7. O-O c5 8. dxc5
Nxc5 9. Qe2 Bb7 10. e5 Nh6 11. Be3 O-O 12. Bxc5 dxc5 13. Be4 Bxe4 14. Nxe4 c4
15. c3 Nf5 16. Rfe1 Qc7 17. Rad1 Rad8 18. Qf2 Rxd1 19. Rxd1 Rd8 20. Rxd8+ Qxd8
21. Nd4 Qd5 22. Nd2 Qd7 23. N2f3 Bf8 24. Qe2 e6 25. Nxf5 exf5 26. Qd2 Qxd2 27.
Nxd2 Bc5+ 28. Kf1 Be3 29. Nf3 Bxf4 30. Ke2 Kf8 31. b3 Ke7 32. g3 Bh6 33. Nd4
Bg7 34. Nc6+ Ke6 35. Nd8+ Kxe5 36. Nxf7+ Kd5 37. Kd2 Bf6 38. Kc2 Ke6 39. Nh6
Bg7 40. bxc4 bxc4 0-1

[Event "SC Taufers-SC Naturns Jambo"]
[Site "?"]
[Date "2013.12.14"]
[Round "5.3"]
[White "La Manna, Andrea"]
[Black "Niederkofler, Andreas"]
[Result "1-0"]
[WhiteElo "2157"]
[BlackElo "1794"]
[PlyCount "69"]
[EventDate "2013.??.??"]

1. d4 Nf6 2. c4 e6 3. Nc3 Bb4 4. a3 Bxc3+ 5. bxc3 c5 6. f3 d5 7. cxd5 exd5 8.
e3 c4 9. Nh3 Nc6 10. Nf2 O-O 11. g4 Na5 12. Bg2 Nb3 13. Ra2 b5 14. O-O Nxc1 15.
Qxc1 a5 16. h3 Ra6 17. e4 dxe4 18. fxe4 b4 19. axb4 axb4 20. Rxa6 Bxa6 21. Qa1
Qb6 22. cxb4 Bb7 23. Qc3 Rc8 24. Ra1 Ne8 25. Ra5 Rd8 26. Rc5 Ba6 27. Bf1 Nd6
28. e5 Nb7 29. Ne4 Nxc5 30. dxc5 Qh6 31. Nd6 Rb8 32. c6 Qe6 33. c7 Rb6 34. Bxc4
Bxc4 35. c8=Q+ 1-0

[Event "SC Taufers-SC Naturns Jambo"]
[Site "?"]
[Date "2013.12.14"]
[Round "5.4"]
[White "Haidacher, Gerold"]
[Black "Fox, Jonas"]
[Result "0-1"]
[WhiteElo "1699"]
[BlackElo "1878"]
[PlyCount "88"]
[EventDate "2013.??.??"]

1. d4 e6 2. c4 Nf6 3. Nf3 Bb4+ 4. Bd2 Qe7 5. g3 Nc6 6. Bg2 Bxd2+ 7. Nbxd2 O-O
8. O-O d6 9. Qc2 e5 10. e3 Bg4 11. a3 a5 12. d5 Nb8 13. Ng5 Na6 14. Nde4 Nxe4
15. Nxe4 f5 16. Nc3 Nc5 17. b4 axb4 18. axb4 Rxa1 19. Rxa1 Na6 20. Qb3 f4 21.
f3 Bd7 22. exf4 exf4 23. Ne4 Qe5 24. Qc3 Qxc3 25. Nxc3 fxg3 26. hxg3 Bf5 27. b5
Nc5 28. Ne4 Bxe4 29. fxe4 Re8 30. Re1 Kf7 31. Re3 Re7 32. Kf2 Kf6 33. Rf3+ Kg6
34. Re3 Re8 35. Kf3 Kf6 36. Re1 Ke5 37. Ke3 Ra8 38. Rh1 Ra3+ 39. Kf2 Ra2+ 40.
Kf3 Nxe4 41. Rh4 Ng5+ 42. Kg4 Rxg2 43. Kxg5 Rxg3+ 44. Kh5 Rg6 0-1